00989nam a2200169Ia 4500008004100000020001500041050001900056100005300075245013000128260003700258300005600295504002800351505034100379650001700720650003400737700004800771120720s1995 mx ao 000 0 spa d a9701006550 aP913bT67 1995 0aTorre Hernández, Francisco Javier de laeautor10aTaller de análisis de la comunicación IIc / Francisco Javier de la Torre Hernández, Francisco J. de la Torre Zermeño aMéxicob : McGraw-Hillc, 1995 axii, 213 páginasb : ilustraciones, fotografías aBibliografía (p. 213) aPreparación y diagnosis La publicidad La propaganda Importancia de la publicidad y la propaganda como tipos de comunicación Evolución y fundamento de la radio Características de la radio Fundamento de la teoría del cine La producción cinematográfica Fundamentos de la teoría de la televisión La producción televisiva14aCOMUNICACION24aMEDIOS DE COMUNICACION MASIVA 0aTorre Zermeño, Francisco J. de la eautor